Magnesium content in latex-pinholes in gloves (Record no. 62352)

MARC details
000 -LEADER
fixed length control field 00362nam a2200145Ia 4500
100 ## - MAIN ENTRY--AUTHOR NAME
Personal name Bader Harry F
245 #0 - TITLE STATEMENT
Title Magnesium content in latex-pinholes in gloves
260 ## - PUBLICATION, DISTRIBUTION, ETC. (IMPRINT)
Name of publisher Rubber Asia
Year of publication 1999
300 ## - PHYSICAL DESCRIPTION
Number of Pages 77-78
650 ## - SUBJECT ADDED ENTRY--TOPICAL TERM
Topical Term Gloves
650 ## - SUBJECT ADDED ENTRY--TOPICAL TERM
Topical Term Latex-pinhole
650 ## - SUBJECT ADDED ENTRY--TOPICAL TERM
Topical Term Magnesium content
942 ## - ADDED ENTRY ELEMENTS (KOHA)
Koha item type Journals
Holdings
Withdrawn status Lost status Damaged status Not for loan Home library Current library Shelving location Date acquired Serial Enumeration / chronology Koha item type
      Journals RRII Library RRII Library Rubber chemistry 17/12/2021 Volume 13, Issue 5 Journals